| 000 -LEADER |
| fixed length control field |
01524pab a2200181 454500 |
| 008 - FIXED-LENGTH DATA ELEMENTS--GENERAL INFORMATION |
| fixed length control field |
180718b2007 xxu||||| |||| 00| 0 eng d |
| 100 ## - MAIN ENTRY--PERSONAL NAME |
| Personal name |
Ladner, Matthew |
| 245 ## - TITLE STATEMENT |
| Title |
Partisan preferences, electoral prospects, and economic expectations |
| 260 ## - PUBLICATION, DISTRIBUTION, ETC. |
| Date of publication, distribution, etc. |
2007 |
| 300 ## - PHYSICAL DESCRIPTION |
| Extent |
p.571-96. |
| 362 ## - DATES OF PUBLICATION AND/OR SEQUENTIAL DESIGNATION |
| Dates of publication and/or sequential designation |
May |
| 520 ## - SUMMARY, ETC. |
| Summary, etc. |
Research shows that economic expectations reflect partisan preferences. Those who support the current government tend to think the future will go well, at least by comparison with those who oppose the government. But, there always is uncertainly surrounding the political future, especially in the period before elections. this article considers whether the uncertainty matters. Specifically, it examines whether people's economic expectations are conditional on their own estimates of who will win. The analysis relies on data from five election study panels in the United States and the United Kingdom, both majoritarian systems, where the effects of partisan winning and losing are most likely. The results imply thatpeople in these countries do anticipate election outcomes; that is, economic expectations prior to elections reflect both the political present and future. this tells us not only that expectations in these systems are substantially rational but that politics plays a much bigger role in our economic thinking than originally thought. - Reproduced. |
| 650 ## - SUBJECT ADDED ENTRY--TOPICAL TERM |
| Topical term or geographic name entry element |
Elections |
| 700 ## - ADDED ENTRY--PERSONAL NAME |
| Personal name |
Wlezien, Christopher |
| 773 ## - HOST ITEM ENTRY |
| Main entry heading |
Comparative Political Studies |
| 908 ## - PUT COMMAND PARAMETER (RLIN) |
| Put command parameter |
N |
| 909 ## - |
| -- |
74733 |